000 00563nam a22001697a 4500
008 240402b |||||||| |||| 00| 0 eng d
020 _a1-59158-051-X
050 _aZ 695.615 H795 2006
_bC.1
100 _aHSIEH-YEE INGRID
245 _aORGANIZING AUDIOVISUAL AND ELECTRONIC RESOURCES FOR ACCESS
_bA CATALOGING GUIDE
250 _aSECOND EDITION
260 _aLONDON
_bLIBRARIES UNLIMITED
_c2006
300 _aXIX,376P
500 _aINCLUDES BIBLIOGRAPHICAL REFERENCES AND INDEX
650 _aCATALOGUING OF AUDIO- VISUAL MATERIALS
942 _2lcc
_cSL
999 _c209681
_d209681